[Event "Chess Attack-serien Eliteserien 2010-2011"]
[Site "Haraldsheim, Oslo"]
[Date "2011.01.23"]
[Round "6"]
[White "Stojanovic, Mihajlo"]
[Black "Hole, Øystein"]
[Result "1-0"]
[WhiteElo "2187"]
[BlackElo "2350"]
[PlyCount "117"]
[EventDate "2010.??.??"]

1. d4 d5 2. c4 c6 3. cxd5 cxd5 4. Nf3 Nf6 5. Nc3 Nc6 6. Bf4 Bf5 7. e3 e6 8. Qb3
Bb4 9. Ne5 O-O 10. Nxc6 Bxc3+ 11. Qxc3 bxc6 12. Qa3 a5 13. Be2 Qb6 14. O-O Rfc8
15. Rfc1 Ra7 16. f3 Rb7 17. b3 Nd7 18. Qd6 Nb8 19. Rc3 a4 20. Rac1 h6 21. Kf2
axb3 22. Rxb3 Qa7 23. Rcc3 Rxb3 24. Rxb3 Nd7 25. a4 e5 26. Bxe5 Qxa4 27. Rc3
Qa2 28. Bf4 Rb8 29. Qa3 Qxa3 30. Rxa3 Rb2 31. g4 Bg6 32. h4 Nb6 33. h5 Bc2 34.
Ke1 Nc4 35. Rc3 Rb1+ 36. Kf2 Rb2 37. Ke1 Rb1+ 38. Kf2 Rb2 39. Kg3 Bb3 40. Bd3
Ba2 41. e4 Rb3 42. Rxb3 Bxb3 43. e5 Nb2 44. Bf5 Na4 45. Bd7 Nc3 46. Kf2 Ba4 47.
Bd2 Nd1+ 48. Kg3 Nb2 49. f4 c5 50. e6 fxe6 51. Bxe6+ Kf8 52. dxc5 Bc6 53. Bc3
Nd3 54. Bf5 Nc1 55. Kf2 Kf7 56. Bc2 Bb5 57. c6 Nd3+ 58. Bxd3 Bxd3 59. f5 
1-0

[Event "Chess Attack-serien Eliteserien 2010-2011"]
[Site "Haraldsheim, Oslo"]
[Date "2011.01.23"]
[Round "6"]
[White "Skrondal, Inge Sandstad"]
[Black "Madsen, Dag"]
[Result "1/2-1/2"]
[WhiteElo "2252"]
[BlackElo "2191"]
[PlyCount "89"]
[EventDate "2010.??.??"]

1. Nf3 Nf6 2. c4 c5 3. Nc3 Nc6 4. g3 d5 5. cxd5 Nxd5 6. Bg2 Nc7 7. O-O e5 8.
Ne1 Bg4 9. Nc2 Be7 10. d3 O-O 11. Ne3 Bd7 12. Bd2 Rc8 13. Rc1 Kh8 14. Ned5 Nxd5
15. Nxd5 b6 16. Bc3 Be6 17. e4 Qd7 18. f4 f6 19. Qa4 Bd6 20. Qd1 b5 21. b3 Nd4
22. Qd2 Rfe8 23. Kh1 exf4 24. gxf4 Bxd5 25. Bxd4 cxd4 26. exd5 Rxc1 27. Qxc1
Re2 28. a4 bxa4 29. bxa4 Qg4 30. Rg1 g6 31. h3 Qxf4 32. Qxf4 Bxf4 33. Rf1 Be5
34. d6 Bxd6 35. Rxf6 Be5 36. Rf7 Re1+ 37. Rf1 Re3 38. Rf3 Re1+ 39. Rf1 Re3 40.
Rf3 Kg7 41. Kg1 Re2 42. Rf2 Bh2+ 43. Kf1 Re7 44. Rb2 Bf4 45. Rb7 
1/2-1/2

[Event "Chess Attack-serien Eliteserien 2010-2011"]
[Site "Haraldsheim, Oslo"]
[Date "2011.01.23"]
[Round "6"]
[White "Evensen, Tom R"]
[Black "Thorstensen, Trond"]
[Result "0-1"]
[WhiteElo "2005"]
[BlackElo "2200"]
[PlyCount "98"]
[EventDate "2010.??.??"]

1. c4 Nf6 2. Nc3 c6 3. e4 d6 4. d4 g6 5. Be2 Bg7 6. Bg5 h6 7. Be3 O-O 8. Qd2
Kh7 9. h3 e5 10. dxe5 dxe5 11. O-O-O Qxd2+ 12. Rxd2 Nbd7 13. Nf3 Re8 14. Ne1
Nf8 15. Nd3 N6d7 16. Bg4 Nb6 17. Bxc8 Rexc8 18. b3 Nbd7 19. Nb2 f5 20. f3 Nf6
21. c5 fxe4 22. fxe4 Rc7 23. Rhd1 Nh5 24. Nc4 Nf4 25. Nd6 N8e6 26. Nc4 Rf8 27.
Rd7 Rf7 28. Rxc7 Rxc7 29. Rd2 Nd4 30. Bxf4 exf4 31. e5 Nf5 32. Ne4 Ne3 33. Nxe3
fxe3 34. Re2 Bxe5 35. Kc2 Bd4 36. Kd3 Rd7 37. Kc4 b5+ 38. cxb6 axb6 39. a4 g5
40. Nc3 Bc5 41. Nb1 Kg6 42. Kc3 Kf5 43. b4 Bd4+ 44. Kd3 Kf4 45. Rc2 c5 46. bxc5
Bxc5+ 47. Ke2 Kg3 48. Ke1 Rf7 49. Nc3 Bb4 
0-1

[Event "Chess Attack-serien Eliteserien 2010-2011"]
[Site "Haraldsheim, Oslo"]
[Date "2011.01.23"]
[Round "6"]
[White "Stokke, Kjetil"]
[Black "Østenstad, Berge"]
[Result "1/2-1/2"]
[WhiteElo "2401"]
[BlackElo "2452"]
[PlyCount "47"]
[EventDate "2010.??.??"]

1. c4 c5 2. g3 g6 3. Bg2 Bg7 4. Nc3 Nc6 5. Nf3 d6 6. O-O Nh6 7. d4 cxd4 8. Bxh6
Bxh6 9. Nxd4 Nxd4 10. Qxd4 O-O 11. Rfd1 Bg7 12. Qe3 Be6 13. c5 Bxc3 14. bxc3
Qc7 15. cxd6 exd6 16. Rab1 Rfb8 17. Rb2 a5 18. Rdb1 d5 19. Qd4 Ra6 20. Bxd5
Bxd5 21. Qxd5 Rc6 22. Kg2 b6 23. Qd4 Rd8 24. Qe3 
1/2-1/2

[Event "Chess Attack-serien Eliteserien 2010-2011"]
[Site "Haraldsheim, Oslo"]
[Date "2011.02.23"]
[Round "6"]
[White "Diesen, Bruce"]
[Black "Martinsen, Stig K."]
[Result "1-0"]
[WhiteElo "2125"]
[BlackElo "2114"]
[PlyCount "73"]
[EventDate "2010.??.??"]

1. e4 d6 2. d4 Nf6 3. Nc3 g6 4. f4 Bg7 5. Nf3 c5 6. dxc5 Qa5 7. Bd3 Qxc5 8. Qe2
Bg4 9. Be3 Qa5 10. O-O Nc6 11. h3 Bxf3 12. Qxf3 O-O 13. Kh1 Nd7 14. Bd2 Qd8 15.
Rae1 a6 16. g4 e6 17. Qg3 Nc5 18. h4 Kh8 19. g5 f6 20. Re2 Nxd3 21. cxd3 Qe8
22. Rh2 Rd8 23. Rg1 Rd7 24. h5 gxh5 25. g6 Qxg6 26. Qf3 Qe8 27. Rxh5 f5 28. Qh3
Bd4 29. Rgg5 Rg8 30. exf5 Rxg5 31. Rxg5 exf5 32. Qxf5 Qf7 33. Qg4 Re7 34. Ne4
d5 35. Nd6 Qe6 36. Qxe6 Rxe6 37. Nf7# 
1-0

[Event "Chess Attack-serien Eliteserien 2010-2011"]
[Site "Haraldsheim, Oslo"]
[Date "2011.01.23"]
[Round "6"]
[White "Gabrielsen, Stig"]
[Black "Sahl, Bjarke"]
[Result "0-1"]
[WhiteElo "2271"]
[BlackElo "2345"]
[PlyCount "58"]
[EventDate "2010.??.??"]

1. e4 c5 2. Nf3 Nc6 3. d4 cxd4 4. Nxd4 e6 5. Be2 Nf6 6. Nc3 Qc7 7. O-O a6 8.
Kh1 Be7 9. f4 d6 10. Bf3 Bd7 11. Nb3 Rc8 12. a4 O-O 13. g4 d5 14. exd5 Nb4 15.
dxe6 Bxe6 16. f5 Bc4 17. Rf2 Rfd8 18. Rd2 h6 19. Nd4 Bc5 20. Rb1 Bxd4 21. Rxd4
Nxc2 22. Rxd8+ Rxd8 23. Qxc2 Bd3 24. Qg2 Bxb1 25. g5 hxg5 26. Bxg5 Re8 27. Qf1
Ne4 28. Qxb1 Nxg5 29. Bd5 Qf4 
0-1

[Event "Chess Attack-serien Eliteserien 2010-2011"]
[Site "Haraldsheim, Oslo"]
[Date "2011.01.23"]
[Round "6"]
[White "Ekeberg, Carl Fr."]
[Black "Borchgrevink, Harald B"]
[Result "1/2-1/2"]
[WhiteElo "2240"]
[BlackElo "2235"]
[PlyCount "34"]
[EventDate "2010.??.??"]

1. Nf3 d5 2. d4 c6 3. c4 e6 4. e3 Nf6 5. b3 Be7 6. Bd3 Nbd7 7. O-O O-O 8. Bb2
b6 9. Nc3 Bb7 10. Qc2 c5 11. cxd5 exd5 12. Ne5 Re8 13. f4 Bf8 14. Qe2 a6 15. a4
Nb8 16. Rad1 Nc6 17. Bb1 Nb4 
1/2-1/2

[Event "Chess Attack-serien Eliteserien 2010-2011"]
[Site "Haraldsheim, Oslo"]
[Date "2011.01.23"]
[Round "6"]
[White "Nilsen, Joachim B."]
[Black "Aulin-Jansson, Jøran"]
[Result "1/2-1/2"]
[WhiteElo "2194"]
[BlackElo "2131"]
[PlyCount "85"]
[EventDate "2010.??.??"]

1. e4 c5 2. Nf3 d6 3. d4 cxd4 4. Nxd4 Nf6 5. Nc3 a6 6. Be3 e5 7. Nb3 Be6 8. Qd2
Be7 9. O-O-O O-O 10. f4 Ng4 11. g3 a5 12. Bb5 Nd7 13. Kb1 Nb6 14. f5 Nxe3 15.
Qxe3 Bc4 16. Bxc4 Nxc4 17. Qd3 Nb6 18. Nd5 Nxd5 19. Qxd5 Qc7 20. Nd2 Rfc8 21.
Qd3 a4 22. a3 Ra6 23. Nf1 Bg5 24. h4 Bh6 25. Nh2 Rc6 26. c3 Qb6 27. Ng4 Rxc3
28. Qxd6 Qxd6 29. Rxd6 Rxg3 30. Rhd1 Kf8 31. Nxh6 gxh6 32. f6 Re8 33. Rc1 h5
34. Rc7 Rf3 35. Rxb7 h6 36. Ra7 Rf4 37. Rc6 Kg8 38. Re7 Rf1+ 39. Rc1 Rxc1+ 40.
Kxc1 Rc8+ 41. Kd2 Rc5 42. Kd3 Rb5 43. Kc4 
1/2-1/2

[Event "Chess Attack-serien Eliteserien 2010-2011"]
[Site "Haraldsheim, Oslo"]
[Date "2011.01.23"]
[Round "6"]
[White "Lie, Kjetil A."]
[Black "Elsness, Frode"]
[Result "1-0"]
[WhiteElo "2515"]
[BlackElo "2488"]
[PlyCount "69"]
[EventDate "2010.??.??"]

1. e4 e5 2. Nf3 Nc6 3. Bc4 Bc5 4. c3 Nf6 5. d3 a6 6. Nbd2 O-O 7. O-O Ba7 8. Re1
d6 9. Bb3 Ng4 10. Re2 Kh8 11. h3 Nf6 12. Nf1 Nh5 13. N1h2 f5 14. exf5 Bxf5 15.
g4 Bg6 16. gxh5 Bxh5 17. Re4 d5 18. Rg4 Bxg4 19. Nxg4 Qd6 20. d4 e4 21. Nfe5
Nxe5 22. Nxe5 Rf5 23. Be3 Raf8 24. Qg4 c6 25. Kh1 Bb8 26. Rg1 g6 27. Bc2 Kg8
28. f4 Qe7 29. c4 Bxe5 30. dxe5 Kh8 31. cxd5 cxd5 32. Bb3 d4 33. Bxd4 Rxf4 34.
e6+ Kg8 35. Qg5 
1-0

[Event "Chess Attack-serien Eliteserien 2010-2011"]
[Site "Haraldsheim, Oslo"]
[Date "2011.01.23"]
[Round "6"]
[White "Østmoe, Geir Sune Tallaksen"]
[Black "Haugli, Petter"]
[Result "1-0"]
[WhiteElo "2402"]
[BlackElo "2240"]
[PlyCount "93"]
[EventDate "2010.??.??"]

1. d4 Nf6 2. c4 c5 3. d5 b5 4. cxb5 a6 5. bxa6 Bxa6 6. Nc3 d6 7. e4 Bxf1 8.
Kxf1 g6 9. g3 Bg7 10. Kg2 O-O 11. Nf3 Nbd7 12. Re1 Ng4 13. Qe2 Qa5 14. Nd2 Bxc3
15. Qxg4 Bxd2 16. Bxd2 Qxd2 17. Qxd7 Rfe8 18. b3 Kf8 19. a4 Reb8 20. Rad1 Qb2
21. e5 dxe5 22. Rd3 Rd8 23. Qb5 Rac8 24. Qc4 Rd7 25. a5 f5 26. g4 e4 27. Rh3
Kg7 28. a6 Qe5 29. Qc1 f4 30. Qc4 f3+ 31. Kf1 Qxd5 32. Qxd5 Rxd5 33. Rxe4 Rd1+
34. Re1 Rxe1+ 35. Kxe1 Ra8 36. Rxf3 Rxa6 37. Kd2 Rf6 38. Ke3 Rxf3+ 39. Kxf3 Kf6
40. Ke4 Ke6 41. g5 Kd6 42. f4 Kc6 43. h4 Kb5 44. f5 gxf5+ 45. Kxf5 Kb4 46. h5
e6+ 47. Ke4 
1-0

[Event "Chess Attack-serien Eliteserien 2010-2011"]
[Site "Haraldsheim, Oslo"]
[Date "2011.01.23"]
[Round "6"]
[White "Baastø, Espen Peder"]
[Black "Stubberud, Ørnulf"]
[Result "0-1"]
[WhiteElo "2006"]
[BlackElo "2314"]
[PlyCount "64"]
[EventDate "2010.??.??"]

1. d4 Nf6 2. c4 g6 3. Nc3 Bg7 4. e4 d6 5. Be2 O-O 6. g4 c5 7. d5 e6 8. g5 Ne8
9. h4 exd5 10. cxd5 Nc7 11. a4 Re8 12. Qc2 Nd7 13. Bd2 Qe7 14. f3 a6 15. Nh3
Rb8 16. Nf2 Nf8 17. Ncd1 Nxd5 18. Ne3 Nxe3 19. Bxe3 Ne6 20. O-O-O Nd4 21. Bxd4
cxd4 22. Bc4 Bd7 23. Kb1 Rec8 24. Qb3 b5 25. axb5 Bxb5 26. Bxb5 Rxb5 27. Qa4
Rxb2+ 28. Kxb2 d3+ 29. Ka2 Rc2+ 30. Qxc2 dxc2 31. Rd2 Qc7 32. e5 Qa5+ 
0-1

[Event "Chess Attack-serien Eliteserien 2010-2011"]
[Site "Haraldsheim, Oslo"]
[Date "2011.01.23"]
[Round "6"]
[White "Berg, Emanuel"]
[Black "Christenson, Flemming"]
[Result "1-0"]
[WhiteElo "2576"]
[BlackElo "2269"]
[PlyCount "123"]
[EventDate "2010.??.??"]

1. e4 e6 2. d4 d5 3. Nc3 Nf6 4. Bg5 dxe4 5. Nxe4 Be7 6. Bxf6 Bxf6 7. Nf3 O-O 8.
Qd2 b6 9. O-O-O Bb7 10. Qf4 Nd7 11. Bd3 Rc8 12. h4 Qe7 13. g4 Bxe4 14. Qxe4 g6
15. g5 Bg7 16. h5 Rfd8 17. hxg6 hxg6 18. Rh3 c5 19. Ba6 Rc7 20. Qf4 Nf8 21. Qh2
Qd6 22. Ne5 Bxe5 23. Qxe5 Qxe5 24. dxe5 Rxd1+ 25. Kxd1 Nd7 26. f4 Nb8 27. Bb5
a6 28. Be2 Rd7+ 29. Kc1 Rd4 30. Rf3 Kf8 31. c3 Rd8 32. a4 Ke7 33. Rh3 Kd7 34.
Rh7 Rf8 35. Bd3 Kc8 36. Kc2 a5 37. Be4 Na6 38. Kb3 Nc7 39. Kc4 Kd8 40. b4 cxb4
41. cxb4 axb4 42. Kxb4 Nd5+ 43. Bxd5 exd5 44. Kb5 Ke7 45. Kxb6 Rb8+ 46. Kc6 Ra8
47. Kb5 Rb8+ 48. Kc5 Ra8 49. f5 gxf5 50. g6 Rxa4 51. gxf7 Ra5+ 52. Kb6 Ra2 53.
e6 Re2 54. Rh6 d4 55. Kc5 Rc2+ 56. Kxd4 Rc8 57. Rg6 Rd8+ 58. Ke5 Ra8 59. Rg8
Ra5+ 60. Kf4 Ra4+ 61. Kxf5 Ra5+ 62. Kg6 
1-0

[Event "Chess Attack-serien Eliteserien 2010-2011"]
[Site "Haraldsheim, Oslo"]
[Date "2011.01.23"]
[Round "6"]
[White "Trygstad, Kristian D."]
[Black "Solem, Trond"]
[Result "1-0"]
[WhiteElo "2329"]
[BlackElo "2115"]
[PlyCount "107"]
[EventDate "2010.??.??"]

1. f4 d5 2. Nf3 Nf6 3. e3 g6 4. Be2 Bg7 5. O-O c5 6. d3 b6 7. a4 Bb7 8. Ne5 a6
9. Bf3 Qc7 10. Qe1 Nbd7 11. Nxd7 Qxd7 12. Kh1 O-O 13. e4 dxe4 14. dxe4 e5 15.
Nc3 Rfe8 16. fxe5 Ng4 17. Qh4 Nxe5 18. Be2 Qe6 19. Bh6 Bxh6 20. Qxh6 Rf8 21.
Rf4 f5 22. Raf1 Nf7 23. exf5 Bxg2+ 24. Kxg2 Qxe2+ 25. Nxe2 Nxh6 26. fxg6 hxg6
27. Rxf8+ Rxf8 28. Rxf8+ Kxf8 29. Nf4 Kf7 30. Nd5 Nf5 31. Nxb6 Ne3+ 32. Kf3
Nxc2 33. Nd7 c4 34. Ke4 Ke6 35. Nb6 Kd6 36. Nxc4+ Ke6 37. Ne5 g5 38. Nf3 Kf6
39. Kd3 Nb4+ 40. Kc4 g4 41. Nd4 a5 42. Nb3 Nc6 43. Kd5 Nb4+ 44. Kc4 Nc6 45. Kb5
Ne5 46. Nxa5 Nf3 47. Nc4 Nxh2 48. Ne3 g3 49. a5 Ke5 50. a6 Ke4 51. Ng2 Kf3 52.
Nh4+ Kg4 53. a7 Kxh4 54. a8=Q 
1-0

[Event "Chess Attack-serien Eliteserien 2010-2011"]
[Site "Haraldsheim, Oslo"]
[Date "2011.01.23"]
[Round "6"]
[White "Thanke, Bror"]
[Black "Moen, Andreas G.R."]
[Result "1/2-1/2"]
[WhiteElo "2076"]
[BlackElo "2327"]
[PlyCount "94"]
[EventDate "2010.??.??"]

1. d4 d5 2. Nf3 Nf6 3. Bf4 c5 4. e3 Nc6 5. c3 Qb6 6. Qb3 c4 7. Qxb6 axb6 8. Be2
b5 9. Ne5 Bf5 10. Na3 Ra5 11. g4 Bc8 12. f3 e6 13. Nc2 Be7 14. O-O O-O 15. a3
Ne8 16. e4 f6 17. Nxc6 bxc6 18. Rae1 Bd7 19. exd5 cxd5 20. Bd1 Kf7 21. Bg3 Nd6
22. Nb4 Nb7 23. f4 Bxb4 24. cxb4 Ra6 25. Bf3 c3 26. bxc3 Rxa3 27. f5 Rxc3 28.
Ra1 Bc6 29. fxe6+ Kxe6 30. Ra6 Kd7 31. g5 f5 32. Be5 g6 33. Kg2 Rc4 34. Rfa1
Rxb4 35. Rxc6 Kxc6 36. Ra6+ Kd7 37. Bxd5 Ra4 38. Bxb7 Rxa6 39. Bxa6 b4 40. Bb5+
Ke7 41. d5 Ra8 42. Kf3 b3 43. Kf4 Ra7 44. d6+ Ke6 45. Bc4+ Kd7 46. Bxb3 Ra3 47.
Bd1 Ke6 
1/2-1/2

[Event "Chess Attack-serien Eliteserien 2010-2011"]
[Site "Haraldsheim, Oslo"]
[Date "2011.01.23"]
[Round "6"]
[White "Kovachev, Daniel Jakobsen"]
[Black "Sørgjerd, Jan"]
[Result "1-0"]
[WhiteElo "2319"]
[BlackElo "1972"]
[PlyCount "117"]
[EventDate "2010.??.??"]

1. e4 c5 2. Nf3 d6 3. d4 cxd4 4. Nxd4 Nf6 5. f3 a6 6. c4 e6 7. Nc3 Qc7 8. Be3
Be7 9. Be2 O-O 10. O-O Nbd7 11. Qd2 Re8 12. Rfd1 b6 13. a4 Bb7 14. a5 bxa5 15.
Nb3 Rab8 16. Nxa5 Ba8 17. Rdc1 Nc5 18. b4 Ncd7 19. Nd5 Qd8 20. Nxe7+ Qxe7 21.
Bf4 e5 22. Be3 Red8 23. Rd1 Nf8 24. Bd3 Ne6 25. Bc2 Qc7 26. Ba4 h6 27. Ra3 Kf8
28. Rb3 Ng8 29. Qf2 Ne7 30. Ba7 Rxb4 31. Rxb4 Qxa5 32. Qb6 Qxb6+ 33. Bxb6 Rb8
34. Bc5 Rxb4 35. Bxb4 Bc6 36. Bxc6 Nxc6 37. Bxd6+ Ke8 38. Kf2 f6 39. g3 g5 40.
Ke3 a5 41. Rd3 Ncd4 42. Rd2 Kd7 43. Ba3 Ke8 44. Bb2 Nb3 45. Rd6 Ke7 46. Ra6
Ned4 47. Bc3 Nc2+ 48. Kf2 Na3 49. Rb6 Nc1 50. Rc6 Nd3+ 51. Ke3 Nb4 52. Bxb4+
axb4 53. Kd3 b3 54. Rb6 Nc2 55. Rxb3 Nd4 56. Rb7+ Kd6 57. Ke3 Nc2+ 58. Kf2 h5
59. Rh7 
1-0

[Event "Chess Attack-serien Eliteserien 2010-2011"]
[Site "Haraldsheim, Oslo"]
[Date "2011.01.23"]
[Round "6"]
[White "Andreassen, Pål"]
[Black "Kjølberg, Lars"]
[Result "0-1"]
[WhiteElo "2016"]
[BlackElo "2074"]
[PlyCount "75"]
[EventDate "2010.??.??"]

1. e4 e6 2. d4 d5 3. e5 c5 4. c3 Nc6 5. Nf3 Qb6 6. Bd3 Nh6 7. O-O cxd4 8. cxd4
Nf5 9. Bxf5 exf5 10. Nc3 Be6 11. Qd3 Be7 12. Ne2 h6 13. a3 Na5 14. b4 Nc4 15.
h4 a5 16. bxa5 Rxa5 17. a4 Qa7 18. Rb1 Rxa4 19. h5 b6 20. Nd2 Qa6 21. Nxc4 Rxc4
22. Qg3 Rc8 23. Nf4 Kd7 24. Qb3 Rc4 25. Bb2 Rhc8 26. Ra1 Qb7 27. Qb5+ Qc6 28.
Ra7+ Ke8 29. Qa6 b5 30. Qa5 Ra4 31. Rxe7+ Kxe7 32. Qe1 Qc2 33. Bc1 b4 34. f3
Rc6 35. Bd2 Qc4 36. Qe3 Ra3 37. Qe2 Qxe2 38. Nxe2 
0-1

[Event "Chess Attack-serien Eliteserien 2010-2011"]
[Site "Haraldsheim, Oslo"]
[Date "2011.01.23"]
[Round "6"]
[White "Urkedal, Frode Olav Olsen"]
[Black "Byklum, Bjørnar"]
[Result "1-0"]
[WhiteElo "2442"]
[BlackElo "2280"]
[PlyCount "81"]
[EventDate "2010.??.??"]

1. Nf3 c5 2. c4 g6 3. Nc3 Bg7 4. g3 Nc6 5. Bg2 e6 6. O-O Nge7 7. e3 O-O 8. d4
d6 9. dxc5 dxc5 10. Qc2 a6 11. Rd1 Qc7 12. b3 e5 13. Bb2 Bf5 14. Qe2 Rad8 15.
Nd5 Qb8 16. Ng5 Rfe8 17. g4 Be6 18. Nxe6 fxe6 19. Nc3 b6 20. Ne4 Qc7 21. Ng5
Nc8 22. Qf3 e4 23. Qe2 Nd6 24. Nxe4 Nxe4 25. Bxe4 Bxb2 26. Qxb2 Ne5 27. h3 g5
28. Qc2 Rf8 29. Rxd8 Rxd8 30. Rd1 Rf8 31. Qe2 Kg7 32. Kg2 h6 33. Qd2 Qf7 34.
Qb2 Qf6 35. Rd6 Nxg4 36. Qxf6+ Nxf6 37. Bb7 Rf7 38. Bf3 b5 39. Rxe6 bxc4 40.
bxc4 Nd7 41. Bh5 
1-0

[Event "Chess Attack-serien Eliteserien 2010-2011"]
[Site "Haraldsheim, Oslo"]
[Date "2011.01.23"]
[Round "6"]
[White "Bae, Torstein"]
[Black "Leer-Salvesen, Bjarte"]
[Result "1/2-1/2"]
[WhiteElo "2393"]
[BlackElo "2330"]
[PlyCount "73"]
[EventDate "2010.??.??"]

1. d4 d5 2. c4 c6 3. Nc3 Nf6 4. Nf3 e6 5. Bg5 Nbd7 6. e3 Be7 7. Qc2 h6 8. Bh4
O-O 9. a3 Re8 10. Rc1 a6 11. cxd5 cxd5 12. Bd3 b5 13. O-O Bb7 14. b4 Nb6 15.
Ne5 Nc4 16. Bxc4 dxc4 17. Rfd1 a5 18. Bxf6 gxf6 19. Nxf7 Kxf7 20. Qh7+ Kf8 21.
Qh8+ Kf7 22. Qh7+ Kf8 23. Qxh6+ Kf7 24. Qh7+ Kf8 25. Qh8+ Kf7 26. Qh7+ Kf8 27.
d5 exd5 28. Nxb5 Qd7 29. Rxc4 Rec8 30. Rh4 Qxb5 31. Qg6 Bd8 32. Rh7 Rc7 33.
Qh6+ Ke8 34. Qg6+ Kf8 35. Qh6+ Ke8 36. Qg6+ Kf8 37. Qh6+ 
1/2-1/2

[Event "Chess Attack-serien Eliteserien 2010-2011"]
[Site "Haraldsheim, Oslo"]
[Date "2011.01.23"]
[Round "6"]
[White "Guttulsrud, Odd Martin"]
[Black "Stenersen, Gudmund"]
[Result "1-0"]
[WhiteElo "2115"]
[BlackElo "2195"]
[PlyCount "71"]
[EventDate "2010.??.??"]

1. e4 e5 2. Nf3 Nc6 3. Bb5 a6 4. Ba4 Nf6 5. O-O Be7 6. Re1 b5 7. Bb3 O-O 8. h3
d6 9. c3 Na5 10. Bc2 c5 11. d4 Qc7 12. Nbd2 cxd4 13. cxd4 Bd7 14. Nf1 Rac8 15.
Re2 h6 16. Ng3 Rfe8 17. d5 b4 18. Bd3 Qb7 19. Ne1 Nc4 20. b3 Nb6 21. f4 exf4
22. Bxf4 Na8 23. Rf2 Nc7 24. Nc2 Nb5 25. Qf3 a5 26. Rd1 Nc3 27. Rdf1 Bb5 28.
Bxb5 Nxb5 29. Ne3 Rc3 30. Bxh6 gxh6 31. Qf4 Bf8 32. Qxf6 Rxe3 33. Nf5 R3xe4 34.
Nxh6+ Bxh6 35. Qxh6 Qxd5 36. Rf3 
1-0

[Event "Chess Attack-serien Eliteserien 2010-201"]
[Site "Haraldsheim, Oslo"]
[Date "2011.01.21"]
[Round "4"]
[White "Johansen, Stian"]
[Black "Elseth, Roar"]
[Result "1/2-1/2"]
[WhiteElo "1929"]
[BlackElo "2265"]
[PlyCount "53"]
[EventDate "2010.??.??"]

1. d4 Nf6 2. c4 e6 3. Nc3 d5 4. Bg5 Be7 5. cxd5 exd5 6. e3 c6 7. Qc2 Nbd7 8.
Bd3 O-O 9. Nge2 Re8 10. O-O Nf8 11. f3 g6 12. Rae1 Ne6 13. Bh4 a6 14. Bf2 c5
15. dxc5 Bxc5 16. Rd1 Bd7 17. Qb3 Bc6 18. Be4 Nc7 19. Nf4 Qe7 20. Ncxd5 Ncxd5
21. Bxd5 Nxd5 22. Nxd5 Bxd5 23. Rxd5 Bxe3 24. Bxe3 Qxe3+ 25. Qxe3 Rxe3 26. Rd7
Rc8 27. Rd2 
1/2-1/2

[Event "Chess Attack-serien Eliteserien 2010-2011"]
[Site "Haraldsheim, Oslo"]
[Date "2011.01.21"]
[Round "4"]
[White "Christenson, Flemming"]
[Black "Sahl, Bjarke"]
[Result "0-1"]
[WhiteElo "2269"]
[BlackElo "2345"]
[Annotator ",Yggeseth-2"]
[PlyCount "108"]
[EventDate "2010.??.??"]

1. d4 Nf6 2. Nf3 e6 3. e3 b6 4. Bd3 Bb7 5. O-O Be7 6. c4 O-O 7. Nc3 d5 8. cxd5
exd5 9. b3 Ne4 10. Bb2 Nd7 11. Rc1 a6 12. Ne5 f6 13. Nxd7 Qxd7 14. Nxe4 dxe4
15. Be2 Bd6 16. f4 exf3 17. Bxf3 Bxf3 18. Qxf3 f5 19. Qd5+ Kh8 20. g3 Qe7 21.
Rf3 Rad8 22. Qc6 Rde8 23. Rcf1 h5 24. Kg2 Kh7 25. Qc2 g6 26. Qc4 Qe4 27. d5
Qxc4 28. bxc4 Re4 29. Bd4 Rfe8 30. Rd1 Kg8 31. Rd2 Kf7 32. Rff2 Ke7 33. Rd3 Kd7
34. a4 a5 35. Rb2 Rg4 36. Kf3 h4 37. Rg2 hxg3 38. hxg3 Re7 39. Rd1 Rh7 40. Rdg1
Rh3 41. Kf2 Ke8 42. Kf3 Kf7 43. Kf2 Kg8 44. Kf3 Kh7 45. Kf2 Kh6 46. Kf3 Kh5 47.
Kf2 g5 48. Kf3 f4 49. e4 fxg3 50. Ke3 Rhh4 51. e5 Rxd4 52. exd6 Rhe4+ 53. Kf3
g4+ 54. Kxg3 Rd3+ 
0-1

[Event "Chess Attack-serien Eliteserien 2010-2011"]
[Site "Haraldsheim, Oslo"]
[Date "2011.04.01"]
[Round "7"]
[White "Pham, Toan Thanh"]
[Black "Diesen, Bruce"]
[Result "1-0"]
[WhiteElo "2062"]
[BlackElo "2125"]
[PlyCount "135"]
[EventDate "2010.??.??"]

1. d4 Nf6 2. c4 e6 3. Nc3 Bb4 4. Qc2 O-O 5. a3 Bxc3+ 6. Qxc3 b6 7. Bg5 Bb7 8.
e3 h6 9. Bh4 d6 10. Ne2 Nbd7 11. Qd3 Re8 12. Nc3 d5 13. cxd5 exd5 14. Be2 c6
15. O-O Qe7 16. Rac1 Qe6 17. Qc2 Rac8 18. Bd3 Ne4 19. Nxe4 dxe4 20. Bc4 Qg4 21.
Bg3 c5 22. Qd1 Qg6 23. b4 cxd4 24. Qxd4 Nf8 25. Rfd1 Qf5 26. h3 Re7 27. Be2 Ra8
28. Bd6 Ne6 29. Qe5 Qxe5 30. Bxe5 Kh7 31. Bb5 f5 32. Bb2 Rf8 33. Bc4 Nc7 34. a4
Rc8 35. b5 Ne8 36. Bb3 Rxc1 37. Bxc1 Nf6 38. Bb2 Kg6 39. Rd6 Rc7 40. Be5 Re7
41. Bxf6 gxf6 42. Be6 Rc7 43. Kh2 a6 44. Rxb6 axb5 45. axb5 Bc8 46. Bxc8 Rxc8
47. Rc6 Rd8 48. Rc2 Rd6 49. Rb2 Rb6 50. Kg3 Kf7 51. Kf4 Ke6 52. Rb1 h5 53. Rb2
Kd5 54. Kxf5 Kc4 55. Kxe4 Kc3 56. Rb1 Kc2 57. Rb4 Kc3 58. Rd4 Rxb5 59. Rd6 Rg5
60. g3 h4 61. gxh4 Rh5 62. Rxf6 Rxh4+ 63. f4 Rxh3 64. Rd6 Kc4 65. f5 Kc5 66.
Rd2 Kc6 67. Kf4 Rh4+ 68. Ke5 
1-0

[Event "Chess Attack-serien Eliteserien 2010-2011"]
[Site "Haraldsheim, Oslo"]
[Date "2011.04.01"]
[Round "7"]
[White "Østenstad, Berge"]
[Black "Djurhuus, Rune"]
[Result "0-1"]
[WhiteElo "2452"]
[BlackElo "2433"]
[PlyCount "74"]
[EventDate "2010.??.??"]

1. Nf3 c5 2. c4 g6 3. d4 cxd4 4. Nxd4 Bg7 5. e4 Qb6 6. Nb5 a6 7. Be3 Qa5+ 8.
N5c3 Nf6 9. Nd2 d6 10. Be2 O-O 11. O-O Nbd7 12. f4 Rb8 13. Nb3 Qc7 14. Rc1 b6
15. Nd2 e6 16. b4 Bb7 17. Bd3 Rbd8 18. Nb3 Qb8 19. Qe2 Qa8 20. Bd2 Rfe8 21. Bb1
Rc8 22. Rfd1 Rc7 23. a4 Rec8 24. Bd3 Ne8 25. Qe1 Rxc4 26. Bxc4 Rxc4 27. b5 axb5
28. axb5 Qa3 29. Rb1 Nc5 30. Nxc5 Qxc5+ 31. Be3 Bxc3 32. Bxc5 Bxe1 33. Bxb6 Bc3
34. e5 d5 35. Rb3 Nc7 36. Ra3 Nxb5 37. Rb3 Bc6 
0-1

[Event "Chess Attack-serien Eliteserien 2010-2011"]
[Site "Haraldsheim, Oslo"]
[Date "2011.04.01"]
[Round "7"]
[White "Skrondal, Inge Sandstad"]
[Black "Tisdall, Jonathan"]
[Result "0-1"]
[WhiteElo "2252"]
[BlackElo "2399"]
[PlyCount "46"]
[EventDate "2010.??.??"]

1. Nf3 d5 2. d4 c6 3. c4 e6 4. Nc3 Nf6 5. Bg5 h6 6. Bh4 dxc4 7. e4 g5 8. Bg3 b5
9. Be2 Bb7 10. h4 g4 11. Ne5 Nbd7 12. Nxg4 Nh5 13. e5 Nxg3 14. fxg3 h5 15. Nf2
c5 16. O-O cxd4 17. Nxb5 Nxe5 18. Nxd4 Bc5 19. Qa4+ Ke7 20. Nf3 Ng4 21. Rad1
Qc7 22. Nd4 Qxg3 23. Nf5+ exf5 
0-1

[Event "Chess Attack-serien Eliteserien 2010-2011"]
[Site "Haraldsheim, Oslo"]
[Date "2011.04.01"]
[Round "7"]
[White "Sahl, Bjarke"]
[Black "Andersen, Alf Roger"]
[Result "1/2-1/2"]
[WhiteElo "2345"]
[BlackElo "2229"]
[PlyCount "80"]
[EventDate "2010.??.??"]

1. e4 d6 2. d4 Nf6 3. Nc3 g6 4. f4 Bg7 5. Nf3 c5 6. dxc5 Qa5 7. Qd3 Qxc5 8. Be3
Qa5 9. Nd2 O-O 10. Be2 Nc6 11. Nb3 Qd8 12. h3 d5 13. e5 Bf5 14. Qd2 Ne4 15.
Nxe4 Bxe4 16. O-O b6 17. Ba6 g5 18. g3 gxf4 19. gxf4 Qd7 20. Kh2 f6 21. exf6
Rxf6 22. Rg1 Rg6 23. Rxg6 hxg6 24. Rg1 Kf7 25. Bd3 Rh8 26. Rg3 Qf5 27. Bxe4
Qxe4 28. c3 Bf6 29. Nd4 Nxd4 30. Bxd4 Rh4 31. Bxf6 exf6 32. Rg4 Rh8 33. Rg3 Re8
34. Rd3 Qe2+ 35. Kg3 Qf1 36. Rxd5 Qg1+ 37. Kf3 Qf1+ 38. Kg3 Qg1+ 39. Kf3 Qf1+
40. Kg3 Qg1+ 
1/2-1/2